| 000 | 00781nam a2200289Ia 4500 | ||
|---|---|---|---|
| 008 | 160803s9999 xx 000 0 und d | ||
| 020 | _a0439806925 (paperback) | ||
| 100 | _aPacker, Knife & | ||
| 245 | _aCaptain Fact : | ||
| 245 | _bdinosaur adventure / | ||
| 245 | _cby Knife & Packer. | ||
| 260 | _aNew York : | ||
| 260 | _bScholastic Inc. | ||
| 260 | _c2004 | ||
| 300 | _a102 pages : | ||
| 300 | _billustrations ; | ||
| 300 | _c20 cm. | ||
| 500 | _aOriginally published: New York : Hyperion Books for Children, 2004. | ||
| 650 | _aAdventure stories. | ||
| 650 | _aDinosaurs -- | ||
| 650 | _aHeroes -- | ||
| 650 | _aJuvenile fiction. | ||
| 650 | _xJuvenile fiction. | ||
| 650 | _xJuvenile fiction. | ||
| 650 | _xTime travel -- | ||
| 700 | _a750 | ||
| 999 |
_c299944 _d299944 |
||